logo

Bir Sreshtho Munshi Abdur Rouf Library
Jhenaidah Cadet College

Anthen for Doomed Youth / (Record no. 14433)

MARC details
000 -LEADER
fixed length control field 00658nam a22002417a 4500
001 - CONTROL NUMBER
JCCL Control Number 14433
003 - CONTROL NUMBER IDENTIFIER
JCCL marc code BD-JhCC
005 - DATE AND TIME OF LATEST TRANSACTION
control field 20251116111425.0
008 - FIXED-LENGTH DATA ELEMENTS--GENERAL INFORMATION
fixed length control field 251116b |||||||| |||| 00| 0 eng d
020 ## - INTERNATIONAL STANDARD BOOK NUMBER
International Standard Book Number 9780141397603
035 ## - SYSTEM CONTROL NUMBER
system control number (BD-JhCC) 14433
040 ## - CATALOGING SOURCE
Original cataloging agency BD-JhCC
Modifying agency BD-JhCC
041 ## - LANGUAGE CODE
Language code of Book eng
082 ## - DEWEY DECIMAL CLASSIFICATION NUMBER
DDC Edition number 23
Classification number 821.912
Author mark and Year OWE
100 ## - MAIN ENTRY--PERSONAL NAME
Personal name Owen,Wilfred
245 ## - TITLE STATEMENT
Title Anthen for Doomed Youth /
Statement of responsibility, etc Wilfred Owen
260 ## - PUBLICATION, DISTRIBUTION, ETC. (IMPRINT)
Place of publication, distribution, etc London:
Name of publisher, distributor, etc Penguin books,
Date of publication, distribution, etc 2015
300 ## - PHYSICAL DESCRIPTION
Pagination 52p.;
Dimensions 17 cm.
Accompanying material Paper
490 ## - SERIES STATEMENT
Series statement Penguin Little Black Classics,
Volume number/sequential designation N, 50
650 ## - SUBJECT ADDED ENTRY--TOPICAL TERM
Topical term or geographic name as entry element First World War poets
650 ## - SUBJECT ADDED ENTRY--TOPICAL TERM
Topical term or geographic name as entry element English poetry of the 20th century
942 ## - ADDED ENTRY ELEMENTS (KOHA)
Source of classification or shelving scheme Dewey Decimal Classification
Koha item type Books
Holdings
Source of classification or shelving scheme Damaged status Not for loan Collection code Home library Current library Shelving location Date of accession Total Checkouts Full call number Barcode Date last seen Copy number Method of acquisition Koha item type Currency
Dewey Decimal Classification     Fiction JCC Rouf Library JCC Rouf Library General Stacks     821.912 OWE 20153 11/16/2025 C-1 Purchase Books BDT

JCC Library | Contacts | JCC Home

Last Update on 23 September 2017
Copyright @ 2017-2020 JCC Rouf Library
Rouf Library, Jhenidah Cadet College (JCC), Bangladesh